| 000 | 00588nam a2200181 a 4500 | ||
|---|---|---|---|
| 003 | MX-MxUPN | ||
| 005 | 20250806063855.0 | ||
| 008 | 160830s1990 mx r 000 0 spa d | ||
| 035 | _aUPN01000212692 | ||
| 040 |
_aMX-MxUPN _bspa _cMX-MxUPN |
||
| 041 | 0 | _aspa | |
| 050 | 1 | 4 |
_aL10 _bV4.4 |
| 245 | 0 | 0 | _aVeinte años de los programas regionales de desarrollo educativo, científico y tecnológico y cultura de la OEA |
| 260 |
_aWashington, D.C. : _bOEA, _c1990. |
||
| 300 | _a12 páginas | ||
| 650 | 4 |
_aProgramas educativos _95703 |
|
| 610 | 2 | 4 |
_aOrganización de los Estados Americanos _928574 |
| 999 |
_c184792 _d184792 |
||